=LDR 00000nam 2200000 4500 =001 INLIS000000000031616 =005 20130612133658 =008 ***********************************ind** =035 ##$$0010-061300000031616 =041 ##$$a ind =082 ##$$a F Rom K =090 ##$$a F Rom K, War,j =100 ##$$a Wardhana, Eka =245 ##$$a Jarwok Ingin Botak, Eka Wardhana; Penyunting,Rani Yulianti =260 ##$$a 2006 $b Bandung =300 ##$$a 24 hlm, Ilus, 21 Cm =650 ##$$a Fiksi kanak-Kanak =700 ##$$a Yulianty, Rani =850 ##$$a NBPNMAT =990 ##$$a 20903566